<?xml version="1.0" encoding="UTF-8"?>
<record
    xmlns:xsi="http://www.w3.org/2001/XMLSchema-instance"
    xsi:schemaLocation="http://www.loc.gov/MARC21/slim http://www.loc.gov/standards/marcxml/schema/MARC21slim.xsd"
    xmlns="http://www.loc.gov/MARC21/slim">

  <leader>00886nam a22002057a 4500</leader>
  <controlfield tag="005">20240704125959.0</controlfield>
  <datafield tag="010" ind1=" " ind2=" ">
    <subfield code="a">HIN-127939         </subfield>
  </datafield>
  <datafield tag="020" ind1=" " ind2=" ">
    <subfield code="c">469.00</subfield>
    <subfield code="a">9788193710081</subfield>
  </datafield>
  <datafield tag="035" ind1=" " ind2=" ">
    <subfield code="a">HN-100285</subfield>
  </datafield>
  <datafield tag="037" ind1=" " ind2=" ">
    <subfield code="b">DBAD</subfield>
  </datafield>
  <datafield tag="082" ind1=" " ind2=" ">
    <subfield code="a">370.1</subfield>
  </datafield>
  <datafield tag="100" ind1=" " ind2=" ">
    <subfield code="a">&#x936;&#x930;&#x94D;&#x92E;&#x93E;, &#x926;&#x93F;&#x935;&#x94D;&#x92F;&#x93E;</subfield>
    <subfield code="9">68139</subfield>
  </datafield>
  <datafield tag="245" ind1=" " ind2=" ">
    <subfield code="a">&#x936;&#x93F;&#x915;&#x94D;&#x937;&#x93E; &#x92E;&#x947; &#x905;&#x928;&#x941;&#x938;&#x902;&#x927;&#x93E;&#x928;/</subfield>
    <subfield code="c">&#x926;&#x93F;&#x935;&#x94D;&#x92F;&#x93E; &#x936;&#x930;&#x94D;&#x92E;&#x93E;,&#x930;&#x94B;&#x932;&#x940; &#x924;&#x93F;&#x935;&#x93E;&#x930;&#x940; &#x914;&#x930; &#x92A;&#x926;&#x92E;&#x93E; &#x92C;&#x94B;&#x939;&#x930;&#x947;</subfield>
  </datafield>
  <datafield tag="250" ind1=" " ind2=" ">
    <subfield code="a">&#x92A;&#x94D;&#x930;&#x925;&#x92E;</subfield>
  </datafield>
  <datafield tag="260" ind1=" " ind2=" ">
    <subfield code="a">&#x91B;&#x924;&#x94D;&#x924;&#x940;&#x938;&#x917;&#x922;&#x93C;</subfield>
    <subfield code="b">Aditi Publication</subfield>
    <subfield code="c">2024</subfield>
  </datafield>
  <datafield tag="270" ind1=" " ind2=" ">
    <subfield code="a">Opp. New Panchajanya vidya Mandir, Near Tiranga Chowk, Kushalpur, Raipur</subfield>
    <subfield code="b">Chattisgarh</subfield>
  </datafield>
  <datafield tag="300" ind1=" " ind2=" ">
    <subfield code="a">340&#x92A;&#x943;.</subfield>
    <subfield code="c">20 &#x938;&#x947;&#x92E;&#x940;. (&#x905;&#x91C;&#x93F;&#x932;&#x94D;&#x926;)</subfield>
  </datafield>
  <datafield tag="700" ind1=" " ind2=" ">
    <subfield code="9">67976</subfield>
    <subfield code="a">&#x930;&#x94B;&#x932;&#x940; &#x924;&#x93F;&#x935;&#x93E;&#x930;&#x940;, &#x92A;&#x93E;&#x926;&#x92E;&#x93E; &#x92C;&#x94B;&#x939;&#x930;&#x947;</subfield>
  </datafield>
  <datafield tag="942" ind1=" " ind2=" ">
    <subfield code="2">ddc</subfield>
    <subfield code="c">HN</subfield>
    <subfield code="h">370.1</subfield>
    <subfield code="m">&#x936;&#x930;&#x94D;&#x92E;&#x93E;</subfield>
  </datafield>
  <datafield tag="999" ind1=" " ind2=" ">
    <subfield code="c">203959</subfield>
    <subfield code="d">203959</subfield>
  </datafield>
  <datafield tag="952" ind1=" " ind2=" ">
    <subfield code="0">0</subfield>
    <subfield code="1">0</subfield>
    <subfield code="4">0</subfield>
    <subfield code="7">0</subfield>
    <subfield code="8">NFIC</subfield>
    <subfield code="a">NPL</subfield>
    <subfield code="b">NPL</subfield>
    <subfield code="d">2024-07-04</subfield>
    <subfield code="e">DBAD</subfield>
    <subfield code="g">469.00</subfield>
    <subfield code="l">0</subfield>
    <subfield code="o">370.1 &#x936;&#x930;&#x94D;&#x92E;&#x93E;&#x926;&#x93F;</subfield>
    <subfield code="p">HN-100285</subfield>
    <subfield code="r">2024-07-04 00:00:00</subfield>
    <subfield code="t">1</subfield>
    <subfield code="v">469.00</subfield>
    <subfield code="w">2024-07-04</subfield>
    <subfield code="y">HN</subfield>
  </datafield>
</record>
